000 00533nam a2200157Ia 4500
008 160316s2005 xxu||||| |||| 00| 0 eng d
082 _a346.096000
_bCHA
100 _aChalmer M D
245 _aBills of exchange: Cheques and promissory notes
250 _a16th
260 _aLondon
_bSweet & Maxwell
_c2005
300 _a842p
_b
_ccxxvi
365 _bRs.21,903
650 _a1. Negotirable Instruments - Bills of Exchange - Commentary 2. Negotiable Instruments - Cheques 3. Negotiable Instruments - Promissory Notes
700 _a
_a
999 _c23655
_d23655